[Event "Olympiad"]
[Site "Khanty-Mansiysk RUS"]
[Date "2010.10.01"]
[Round "10"]
[White "Ismagambetov, Anuar"]
[Black "Noritsyn, Nikolay"]
[Result "1-0"]
[WhiteElo "2492"]
[BlackElo "2414"]
[PlyCount "51"]
[EventDate "2010.09.21"]
[EventType "team"]
[EventRounds "11"]
[EventCountry "RUS"]
[WhiteTeam "KAZ"]
[BlackTeam "CAN"]

1. e4 e5 2. Nc3 d6 3. Bc4 Be6 4. Bb3 Nc6 5. d3 Qd7 6. f4 f5 7. Nf3 Nf6 8. O-O
fxe4 9. dxe4 exf4 10. Bxf4 Be7 11. Nd5 Bxd5 12. exd5 Na5 13. Ng5 O-O 14. Qd3
Nxb3 15. axb3 c6 16. Be3 g6 17. Ne6 Rf7 18. c4 cxd5 19. cxd5 a6 20. Rf3 Ng4 21.
Rxf7 Kxf7 22. Rf1+ Kg8 23. Qd4 Ne5 24. Qf4 h5 25. Qh6 Bh4 26. Bg5 1-0

[Event "Labour Day op"]
[Site "Toronto CAN"]
[Date "2010.09.12"]
[Round "1"]
[White "Noritsyn, Nikolay"]
[Black "Zhou, Haonan"]
[Result "1-0"]
[WhiteElo "2570"]
[BlackElo "2222"]
[PlyCount "71"]
[EventDate "2010.09.04"]
[EventType "swiss"]
[EventRounds "6"]
[EventCountry "CAN"]

1. d4 d5 2. Nf3 Nf6 3. c4 c6 4. e3 e6 5. b3 Nbd7 6. Bb2 a6 7. Bd3 b5 8. O-O Bb7
9. Nbd2 Be7 10. c5 a5 11. a3 O-O 12. Qc2 Qc7 13. b4 axb4 14. axb4 Rxa1 15. Bxa1
Ra8 16. Nb3 Nf8 17. Bc3 N6d7 18. Na5 Bf6 19. Re1 Ng6 20. g3 Re8 21. e4 dxe4 22.
Bxe4 Ba8 23. h4 Ndf8 24. Bd2 Rd8 25. h5 Ne7 26. h6 g6 27. Bf4 Qc8 28. Bd6 Nd5
29. Qd2 Re8 30. Ne5 Nd7 31. Bxd5 exd5 32. Nexc6 Bxc6 33. Nxc6 Rxe1+ 34. Qxe1
Nf8 35. Ne7+ Bxe7 36. Qxe7 1-0

[Event "Labour Day op"]
[Site "Toronto CAN"]
[Date "2010.09.09"]
[Round "5.3"]
[White "Noritsyn, Nikolay"]
[Black "Martchenko, Alexander"]
[Result "1-0"]
[WhiteElo "2570"]
[BlackElo "2382"]
[PlyCount "104"]
[EventDate "2010.09.04"]
[EventType "swiss"]
[EventRounds "6"]
[EventCountry "CAN"]

1. e4 c6 2. c4 d5 3. exd5 cxd5 4. cxd5 Nf6 5. Qa4+ Nbd7 6. Nc3 g6 7. Bc4 Bg7 8.
d3 O-O 9. Nf3 a6 10. Qa3 Nb6 11. Qb3 Nbd7 12. a4 b6 13. O-O Nc5 14. Qc2 Bb7 15.
b4 Ncd7 16. Bg5 Rc8 17. Qb3 Ne8 18. Rfe1 Ndf6 19. b5 Nc7 20. Ne5 Nfxd5 21. bxa6
Ba8 22. Bh4 Bf6 23. Bxf6 exf6 24. Ng4 h5 25. Nxd5 Nxd5 26. Bxd5 hxg4 27. Bxa8
Rxa8 28. Qb5 Qd6 29. Rac1 Rfd8 30. g3 Qa3 31. Rc6 Rd4 32. Rc4 Rxd3 33. Rxg4 Kg7
34. Rb4 Qc3 35. Reb1 Rad8 36. Rf1 R3d5 37. Qxb6 R8d6 38. Qb7 Rxa6 39. Rh4 Rda5
40. Qd7 f5 41. Rb1 Ra7 42. Qd8 Ra8 43. Qg5 Kg8 44. Rd1 Re8 45. Rd8 Ra8 46. Rxa8
Rxa8 47. Kg2 Qc6+ 48. Kh3 Qh1 49. Rh6 Qf1+ 50. Kh4 Qc4+ 51. Qf4 Qxf4+ 52. gxf4
Kg7 1-0

[Event "Quebec op inv."]
[Site "Montreal CAN"]
[Date "2010.07.24"]
[Round "1"]
[White "Qin, Zi Yi (Joey)"]
[Black "Noritsyn, Nikolay"]
[Result "1/2-1/2"]
[WhiteElo "2177"]
[BlackElo "2401"]
[PlyCount "95"]
[EventDate "2010.07.24"]
[EventType "swiss"]
[EventRounds "9"]
[EventCountry "CAN"]

1. e4 c5 2. Nf3 Nc6 3. d4 cxd4 4. Nxd4 g6 5. Nc3 Bg7 6. Be3 Nf6 7. Bc4 Qa5 8.
f3 Qb4 9. Nxc6 bxc6 10. Bb3 d6 11. Qd2 a5 12. a3 Qb7 13. O-O O-O 14. Kh1 Be6
15. Bxe6 fxe6 16. b3 Nd7 17. Rad1 Rf7 18. Ne2 c5 19. Nf4 Nf8 20. Nd3 Qc6 21.
Rb1 a4 22. b4 cxb4 23. Qxb4 Qxc2 24. Nf4 Qc3 25. Qxc3 Bxc3 26. Rfc1 Be5 27. Nd3
Bf6 28. Rb7 g5 29. e5 dxe5 30. Nf2 Ng6 31. Ne4 h6 32. Rcc7 Bg7 33. h3 Nh4 34.
Nd6 exd6 35. Rxf7 Bf8 36. Bd2 Nf5 37. Bb4 Re8 38. Rfd7 Ng3+ 39. Kh2 Nh5 40.
Rdc7 Nf6 41. Ra7 e4 42. Rf7 Nd5 43. fxe4 Nxb4 44. axb4 d5 45. b5 dxe4 46. Rf1
a3 47. b6 Bc5 48. Rf6 1/2-1/2

[Event "Quebec op inv."]
[Site "Montreal CAN"]
[Date "2010.07.25"]
[Round "2"]
[White "Noritsyn, Nikolay"]
[Black "Jiang, Louie"]
[Result "1-0"]
[WhiteElo "2401"]
[BlackElo "2312"]
[PlyCount "63"]
[EventDate "2010.07.24"]
[EventType "swiss"]
[EventRounds "9"]
[EventCountry "CAN"]

1. e4 c5 2. Nf3 e6 3. d4 cxd4 4. Nxd4 Nf6 5. Bd3 a6 6. O-O d6 7. c4 Be7 8. Nc3
b6 9. f4 Qc7 10. f5 O-O 11. fxe6 fxe6 12. Be3 Nc6 13. Nxc6 Qxc6 14. Qe2 Bb7 15.
Bd4 Rae8 16. Bc2 Rc8 17. Rad1 Kh8 18. Bd3 Rce8 19. e5 dxe5 20. Bxe5 Bd6 21.
Bxf6 gxf6 22. Be4 Qc5+ 23. Kh1 Bc8 24. Bxh7 Bxh2 25. Bg6 Re7 26. Kxh2 Kg7 27.
Bh5 f5 28. Rd3 Rh8 29. Rh3 e5 30. Nd5 f4 31. Nxe7 Bxh3 32. Nd5 1-0

[Event "Quebec op inv."]
[Site "Montreal CAN"]
[Date "2010.07.25"]
[Round "3"]
[White "Lenderman, Alex"]
[Black "Noritsyn, Nikolay"]
[Result "1/2-1/2"]
[WhiteElo "2553"]
[BlackElo "2401"]
[PlyCount "160"]
[EventDate "2010.07.24"]
[EventType "swiss"]
[EventRounds "9"]
[EventCountry "CAN"]

1. d4 Nf6 2. c4 c5 3. d5 d6 4. Nc3 g6 5. e4 Bg7 6. Nf3 O-O 7. Be2 e5 8. O-O Ne8
9. Ne1 f5 10. exf5 gxf5 11. f4 Nd7 12. Be3 Qe7 13. Qd2 e4 14. g3 Ndf6 15. h3
Qf7 16. a3 a5 17. b3 b5 18. Ra2 Nc7 19. a4 bxc4 20. bxc4 Na6 21. Nb5 Nb4 22.
Ra3 Rd8 23. Qd1 h5 24. Bd2 Qg6 25. Ng2 Kf7 26. Nh4 Qh7 27. Bc3 Ke7 28. Kh2 Bd7
29. Qc1 Ne8 30. Bxg7 Nxg7 31. Qc3 Bc8 32. Raa1 Qh6 33. Rg1 Qf6 34. Qxf6+ Kxf6
35. Raf1 Ba6 36. Nc7 Ra7 37. Nxa6 Rxa6 38. Rb1 Rh8 39. Ng2 Rb6 40. Ne3 Kf7 41.
Nc2 Rbb8 42. Na3 Ne8 43. Nb5 Ke7 44. Rb2 Nf6 45. Nc3 Rhg8 46. Nd1 Nd3 47. Bxd3
exd3 48. Rd2 Ne4 49. Rxd3 Rb4 50. Ne3 Kf6 51. Rg2 Rxa4 52. Rb3 Rb4 53. Ra3 a4
54. Ra1 Rb3 55. Re1 a3 56. g4 hxg4 57. hxg4 fxg4 58. Nxg4+ Rxg4 59. Rxg4 a2 60.
Ra1 Nc3 61. Rg2 Kf5 62. Rf2 Rb4 63. Rc2 Rb3 64. Rf2 Rb4 65. Rc2 Rxc4 66. Raxa2
Nxa2 67. Rxc4 Nb4 68. Kg3 Nxd5 69. Kf3 Nb4 70. Rc1 Nc6 71. Ke3 Nd4 72. Rd1 Nc2+
73. Kd3 Nd4 74. Kc4 Kxf4 75. Kd5 Ke3 76. Kxd6 c4 77. Kc5 c3 78. Rxd4 c2 79. Rc4
Kd2 80. Rxc2+ Kxc2 1/2-1/2

[Event "Quebec op inv."]
[Site "Montreal CAN"]
[Date "2010.07.26"]
[Round "4"]
[White "Noritsyn, Nikolay"]
[Black "Malaniuk, Vladimir"]
[Result "1/2-1/2"]
[WhiteElo "2401"]
[BlackElo "2544"]
[PlyCount "42"]
[EventDate "2010.07.24"]
[EventType "swiss"]
[EventRounds "9"]
[EventCountry "CAN"]

1. d4 f5 2. g3 Nf6 3. Bg2 g6 4. Nh3 Bg7 5. Nf4 Nc6 6. h4 e5 7. dxe5 Nxe5 8. h5
c6 9. Be3 d5 10. Bd4 Qd6 11. Nd2 Ne4 12. Nf3 g5 13. h6 Nxf3+ 14. exf3 Bxd4 15.
Qxd4 Qf6 16. Qxf6 Nxf6 17. Nd3 Bd7 18. Ne5 Be6 19. Kd2 Ke7 20. Nd3 Ke8 21. Kc1
Bd7 1/2-1/2

[Event "Quebec op inv."]
[Site "Montreal CAN"]
[Date "2010.07.27"]
[Round "5"]
[White "Noritsyn, Nikolay"]
[Black "Gagunashvili, Merab"]
[Result "0-1"]
[WhiteElo "2401"]
[BlackElo "2596"]
[PlyCount "74"]
[EventDate "2010.07.24"]
[EventType "swiss"]
[EventRounds "9"]
[EventCountry "CAN"]

1. e4 d6 2. d4 Nf6 3. Nc3 g6 4. Be3 c6 5. Qd2 b5 6. Bd3 Bg7 7. Nf3 O-O 8. Bh6
Qc7 9. h4 e5 10. Ne2 Bg4 11. Ng3 Nbd7 12. h5 Bxh6 13. Qxh6 exd4 14. Nxd4 d5 15.
Be2 Bxe2 16. hxg6 fxg6 17. Ndxe2 Ne5 18. f3 dxe4 19. O-O-O exf3 20. gxf3 Nxf3
21. Rdf1 Nd5 22. Rh3 Qg7 23. Qxg7+ Kxg7 24. Nh5+ gxh5 25. Rfxf3 Rxf3 26. Rxf3
Rf8 27. Rg3+ Kh6 28. Kd2 h4 29. Rg4 Kh5 30. Rg7 h6 31. c4 bxc4 32. Rxa7 h3 33.
Ng3+ Kh4 34. Rg7 h2 35. Ke2 Nf4+ 36. Ke3 Nh5 37. Rg6 Nxg3 0-1

[Event "Quebec op inv."]
[Site "Montreal CAN"]
[Date "2010.07.28"]
[Round "6"]
[White "Hambleton, Aman"]
[Black "Noritsyn, Nikolay"]
[Result "1/2-1/2"]
[WhiteElo "2131"]
[BlackElo "2401"]
[PlyCount "148"]
[EventDate "2010.07.24"]
[EventType "swiss"]
[EventRounds "9"]
[EventCountry "CAN"]

1. d4 c5 2. d5 e6 3. c4 exd5 4. cxd5 d6 5. Nc3 a6 6. a4 g6 7. e4 Bg7 8. h3 Ne7
9. Nf3 O-O 10. Be2 h6 11. O-O f5 12. Re1 g5 13. Bc4 Ng6 14. exf5 Bxf5 15. Re6
Rf7 16. g4 Bxe6 17. dxe6 Re7 18. Qd3 Nf8 19. Nxg5 Nc6 20. Nf7 Ne5 21. Nxd8 Nxd3
22. Nd5 Ng6 23. Bxd3 Rxd8 24. Nxe7+ Nxe7 25. f4 d5 26. f5 c4 27. Be2 Rc8 28.
Bf3 c3 29. bxc3 Rxc3 30. Rb1 Rxf3 31. Rxb7 Nxf5 32. gxf5 Rxf5 33. Rd7 Bd4+ 34.
Kg2 Re5 35. Bxh6 Re2+ 36. Kg3 Rxe6 37. Rxd5 Be5+ 38. Kg4 Rxh6 39. Rxe5 Rc6 40.
a5 Kf7 41. Rg5 Rc4+ 42. Kh5 Rc8 43. h4 Rh8+ 44. Kg4 Rc8 45. Rf5+ Kg6 46. h5+
Kg7 47. Rg5+ Kh7 48. Rg6 Rc4+ 49. Kf3 Rc5 50. Rxa6 Rxh5 51. Ke4 Kg7 52. Ra8 Rg5
53. Kd4 Rf5 54. a6 Rf6 55. Ke5 Rb6 56. Ra7+ Kg6 57. Kd5 Rf6 58. Kc5 Rf5+ 59.
Kd6 Rf6+ 60. Ke5 Rb6 61. Ra8 Kg7 62. Kd5 Rf6 63. Ke5 Rb6 64. Ra7+ Kg6 65. Kf4
Rb4+ 66. Ke3 Rb6 67. Ke4 Rc6 68. Ke5 Rb6 69. Kd4 Rf6 70. Ra8 Kg7 71. Kd5 Rf5+
72. Ke4 Rf6 73. Ke5 Rb6 74. Kf5 Rf6+ 1/2-1/2

[Event "Quebec op inv."]
[Site "Montreal CAN"]
[Date "2010.07.29"]
[Round "7"]
[White "Noritsyn, Nikolay"]
[Black "Guichard, Pauline"]
[Result "1-0"]
[WhiteElo "2401"]
[BlackElo "2320"]
[PlyCount "51"]
[EventDate "2010.07.24"]
[EventType "swiss"]
[EventRounds "9"]
[EventCountry "CAN"]

1. e4 c5 2. Nf3 e6 3. c3 Nf6 4. d3 d5 5. e5 Nfd7 6. g3 Nc6 7. Bf4 Be7 8. h4 b5
9. Bg2 Qc7 10. Qe2 a5 11. O-O O-O 12. Re1 Ba6 13. Nbd2 b4 14. Nf1 a4 15. Rac1
bxc3 16. bxc3 Rab8 17. Ne3 a3 18. Rc2 Nb6 19. Ng4 Na4 20. Nf6+ Kh8 21. Ng5 h6
22. Rd2 Rb7 23. Qh5 Bd8 24. Nf3 Nxe5 25. Bxe5 Qc6 26. Nd7 1-0

[Event "Quebec op inv."]
[Site "Montreal CAN"]
[Date "2010.07.31"]
[Round "9"]
[White "Makka, Ioulia"]
[Black "Noritsyn, Nikolay"]
[Result "0-1"]
[WhiteElo "2175"]
[BlackElo "2401"]
[PlyCount "100"]
[EventDate "2010.07.24"]
[EventType "swiss"]
[EventRounds "9"]
[EventCountry "CAN"]

1. e4 c5 2. Nf3 Nc6 3. d4 cxd4 4. Nxd4 g6 5. c4 Bg7 6. Be3 Qb6 7. Nb3 Qc7 8.
Qd2 Nf6 9. Nc3 d6 10. f3 O-O 11. Rc1 Nd7 12. Be2 a5 13. Nb5 Qd8 14. O-O b6 15.
Bg5 Nc5 16. N3d4 Nxd4 17. Nxd4 Bb7 18. Be3 Qd7 19. Rc2 Kh8 20. b3 f5 21. exf5
gxf5 22. Nb5 Rf6 23. Rd1 Rg6 24. Nc3 Rg8 25. g3 e5 26. f4 Bh6 27. Bh5 Qc6 28.
Nd5 Re6 29. Bf7 Rg7 30. Bxe6 Nxe6 31. Kf1 exf4 32. gxf4 Qe8 33. Bd4 Nxd4 34.
Qxd4 Qh5 35. Rf2 Qh3+ 36. Ke1 Bxd5 37. cxd5 Kg8 38. Kd2 Rc7 39. Rg1+ Kf7 40.
Rg3 Qh4 41. Rgf3 Bg7 42. Qxb6 Qd8 43. Qa6 Qf6 44. Ke2 Qa1 45. Rd3 Re7+ 46. Kf3
Qh1+ 47. Kg3 Qg1+ 48. Rg2 Re3+ 49. Kh4 Bf6+ 50. Kh5 Qxg2 0-1

[Event "CAN-op"]
[Site "Toronto CAN"]
[Date "2010.07.10"]
[Round "1"]
[White "Peng, Bill"]
[Black "Noritsyn, Nikolay"]
[Result "0-1"]
[WhiteElo "2254"]
[BlackElo "2536"]
[PlyCount "72"]
[EventDate "2010.07.10"]
[EventType "swiss"]
[EventRounds "9"]
[EventCountry "CAN"]

1. b3 c5 2. Bb2 Nc6 3. e3 e5 4. Bb5 Nge7 5. Bxc6 Nxc6 6. d3 d5 7. Nf3 f6 8. Nc3
Be6 9. O-O Be7 10. Ne2 Qd7 11. Nd2 O-O 12. f4 Bd6 13. e4 f5 14. exd5 Bxd5 15.
Nc4 Rae8 16. fxe5 Nxe5 17. Nxe5 Bxe5 18. Bxe5 Rxe5 19. c4 Rfe8 20. Ng3 Bc6 21.
Qd2 g6 22. Rad1 Qd4+ 23. Qf2 Re2 24. Nxe2 Rxe2 25. Qxd4 Rxg2+ 26. Kh1 cxd4 27.
h3 Rxa2+ 28. Kg1 Rg2+ 29. Kh1 a5 30. Rde1 Kf7 31. h4 Kf6 32. Ra1 b6 33. b4 axb4
34. c5 b3 35. cxb6 b2 36. Rab1 h6 0-1

[Event "CAN-op"]
[Site "Toronto CAN"]
[Date "2010.07.11"]
[Round "2"]
[White "Noritsyn, Nikolay"]
[Black "Ashton, Adam"]
[Result "1/2-1/2"]
[WhiteElo "2536"]
[BlackElo "2316"]
[PlyCount "120"]
[EventDate "2010.07.10"]
[EventType "swiss"]
[EventRounds "9"]
[EventCountry "CAN"]

1. c4 e5 2. Nc3 Nf6 3. Nf3 Nc6 4. a3 g6 5. e3 Bg7 6. d3 d5 7. cxd5 Nxd5 8. Qc2
O-O 9. Be2 Be6 10. Na4 Qe7 11. Nc5 Bc8 12. O-O b6 13. Nb3 Bb7 14. e4 Nf4 15.
Bxf4 exf4 16. d4 Rad8 17. e5 Nb8 18. Rac1 Bd5 19. Nbd2 c5 20. dxc5 Nc6 21. Rfe1
Nxe5 22. c6 Bxc6 23. Bd1 Bxf3 24. Nxf3 Rfe8 25. Nxe5 Bxe5 26. Bf3 Qf6 27. Qa4
Re7 28. b3 Bb2 29. Rb1 Rxe1+ 30. Rxe1 a5 31. Re8+ Rxe8 32. Qxe8+ Kg7 33. a4 Qc3
34. Bd1 Ba3 35. Qe2 Bc5 36. Kf1 Qd4 37. g3 fxg3 38. hxg3 h5 39. Kg2 h4 40. gxh4
Qxh4 41. Qe5+ Kh7 42. Qg3 Qd4 43. Be2 f5 44. Bc4 Kg7 45. Qf3 Kf6 46. Kf1 g5 47.
Qc6+ Ke5 48. Qc7+ Ke4 49. Qg3 Qd1+ 50. Kg2 g4 51. Be6 Qd2 52. Bc8 f4 53. Bb7+
Ke5 54. Qxg4 Qxf2+ 55. Kh3 Qe3+ 56. Qf3 Kd4 57. Bc6 Kc3 58. Kg4 Kxb3 59. Qxe3+
fxe3 60. Kf3 Kc2 1/2-1/2

[Event "CAN-op"]
[Site "Toronto CAN"]
[Date "2010.07.12"]
[Round "3"]
[White "Fan, Brendan"]
[Black "Noritsyn, Nikolay"]
[Result "0-1"]
[WhiteElo "2015"]
[BlackElo "2536"]
[PlyCount "50"]
[EventDate "2010.07.10"]
[EventType "swiss"]
[EventRounds "9"]
[EventCountry "CAN"]

1. e4 d6 2. d4 c5 3. d5 Nf6 4. Nc3 g6 5. Be2 Bg7 6. Nf3 O-O 7. O-O Na6 8. Bd2
Nc7 9. Qc1 Re8 10. Bh6 Bh8 11. Bg5 b5 12. e5 b4 13. exf6 exf6 14. Nb5 Rxe2 15.
Nxc7 Qxc7 16. Be3 Ba6 17. Rd1 Qd7 18. a3 b3 19. cxb3 Re8 20. b4 R8xe3 21. fxe3
Qg4 22. Ne1 Qh4 23. Nd3 Bxd3 24. Rf1 Be4 25. Rf4 Rxg2+ 0-1

[Event "CAN-op"]
[Site "Toronto CAN"]
[Date "2010.07.14"]
[Round "5"]
[White "Siu, Wayne"]
[Black "Noritsyn, Nikolay"]
[Result "0-1"]
[WhiteElo "1449"]
[BlackElo "2536"]
[PlyCount "40"]
[EventDate "2010.07.10"]
[EventType "swiss"]
[EventRounds "9"]
[EventCountry "CAN"]

1. Nf3 c5 2. e4 Nc6 3. Bb5 d6 4. Bxc6+ bxc6 5. O-O e5 6. c4 f5 7. Nc3 Nf6 8. d3
Be7 9. Re1 O-O 10. h3 h6 11. Qc2 Qe8 12. Qe2 f4 13. Nh2 g5 14. f3 h5 15. Kh1 g4
16. Rg1 g3 17. Nf1 Nh7 18. Nd2 Qg6 19. Nd1 Qg5 20. Qf1 Qh4 0-1

[Event "CAN-op"]
[Site "Toronto CAN"]
[Date "2010.07.16"]
[Round "7"]
[White "Noritsyn, Nikolay"]
[Black "Gerzhoy, Leonid"]
[Result "1-0"]
[WhiteElo "2536"]
[BlackElo "2630"]
[PlyCount "167"]
[EventDate "2010.07.10"]
[EventType "swiss"]
[EventRounds "9"]
[EventCountry "CAN"]

1. d4 d5 2. Nf3 Nf6 3. e3 g6 4. c4 Bg7 5. Nc3 O-O 6. Qb3 e6 7. Bd2 b6 8. cxd5
exd5 9. Be2 c5 10. dxc5 bxc5 11. O-O Nc6 12. Qa3 d4 13. Na4 Ne4 14. Rad1 Nxd2
15. Rxd2 Qa5 16. e4 Ne5 17. Rc2 d3 18. Rxc5 dxe2 19. Rxa5 exf1=Q+ 20. Kxf1 Nc4
21. Qb4 Nxa5 22. Qxa5 Bg4 23. h3 Bxf3 24. gxf3 Bd4 25. Nc3 Rab8 26. Qa3 Rfc8
27. Kg2 Bxc3 28. bxc3 Rc7 29. h4 Rb6 30. f4 Rbc6 31. h5 Rxc3 32. Qd6 gxh5 33.
f5 Rc8 34. Qh6 Kh8 35. Qf6+ Kg8 36. e5 R3c4 37. f3 Rc2+ 38. Kh3 R8c3 39. Qd8+
Kg7 40. Qg5+ Kf8 41. Qd8+ Kg7 42. Kg3 Rc8 43. Qf6+ Kg8 44. a4 a5 45. Qe7 R2c7
46. Qg5+ Kh8 47. Qf6+ Kg8 48. Kf4 Rc6 49. Qe7 h6 50. e6 Rf8 51. Qd7 Rc4+ 52.
Kg3 Kh7 53. e7 Rg8+ 54. Kf2 Rcc8 55. Qd5 Kg7 56. Qe5+ f6 57. Qxa5 Rge8 58. Qe1
Rc2+ 59. Kg3 Rc7 60. Kh4 Rexe7 61. Qg3+ Kf8 62. Qg6 Rf7 63. Qxh6+ Ke7 64. Qe3+
Kd8 65. a5 Kc8 66. Qe8+ Kb7 67. Qb5+ Ka8 68. Qa6+ Kb8 69. Qb6+ Ka8 70. Kxh5 Rb7
71. Qa6+ Kb8 72. Kg6 Rg7+ 73. Kxf6 Rgf7+ 74. Kg5 Rg7+ 75. Kf4 Rgc7 76. Qd6 Ka7
77. f6 Rd7 78. Qc5+ Ka6 79. Kg4 Rdc7 80. Qe5 Rc6 81. f4 Rcc7 82. f5 Rf7 83. Kg5
Rf8 84. Qd6+ 1-0

[Event "CAN-op"]
[Site "Toronto CAN"]
[Date "2010.07.18"]
[Round "9"]
[White "Noritsyn, Nikolay"]
[Black "Rozentalis, Eduardas"]
[Result "1-0"]
[WhiteElo "2536"]
[BlackElo "2607"]
[PlyCount "171"]
[EventDate "2010.07.10"]
[EventType "swiss"]
[EventRounds "9"]
[EventCountry "CAN"]

1. d4 Nf6 2. c4 e6 3. Nf3 Nc6 4. a3 d6 5. Nc3 g6 6. e4 Bg7 7. Be2 O-O 8. O-O
Re8 9. d5 exd5 10. cxd5 Nb8 11. Bd3 Bg4 12. h3 Bxf3 13. Qxf3 Nbd7 14. Bc2 c6
15. dxc6 bxc6 16. Rd1 Ne5 17. Qg3 Qc7 18. Bb3 Rad8 19. Bg5 Rb8 20. Bxf6 Bxf6
21. Na4 Bg7 22. Rab1 Qb7 23. Bc2 Rbd8 24. b3 Qe7 25. b4 h5 26. Bb3 h4 27. Qe3
Kh7 28. Nc3 Bh6 29. Qe2 Nd7 30. b5 cxb5 31. Qxb5 Bg7 32. Nd5 Qxe4 33. Ne3 Qf4
34. Bd5 Ne5 35. Rb4 Qf6 36. Qa4 g5 37. Qxa7 Rc8 38. Qa4 Kg8 39. Rb7 Re7 40.
Rxe7 Qxe7 41. Qa6 Rb8 42. a4 Qc7 43. Be4 Rb6 44. Qe2 Qa7 45. Qh5 Qxa4 46. Bc2
Qd7 47. Qxg5 Rb2 48. Qxh4 Qe6 49. Bh7+ Kh8 50. Be4+ Kg8 51. Qh7+ Kf8 52. Nf5
Qg6 53. Qxg7+ Qxg7 54. Nxg7 Kxg7 55. Rxd6 Rb4 56. f3 Rb2 57. Rd4 Kf6 58. f4 Ng6
59. Bxg6 Kxg6 60. Rd5 Rb4 61. Rg5+ Kh6 62. g3 Rb2 63. Re5 f6 64. Re1 f5 65. Rf1
Kh5 66. Rf2 Rb3 67. Kg2 Ra3 68. Rb2 Rc3 69. Rb8 Rc2+ 70. Kf3 Rc3+ 71. Kf2 Rc2+
72. Ke3 Kg6 73. Rg8+ Kf6 74. Rf8+ Kg6 75. g4 Rc3+ 76. Kd4 Rxh3 77. Rxf5 Rg3 78.
Rg5+ Kf6 79. Ke4 Rg1 80. Kf3 Rf1+ 81. Kg3 Rg1+ 82. Kf2 Ra1 83. Re5 Ra3 84. Re3
Ra1 85. Rb3 Rc1 86. Rb6+ 1-0

[Event "Ontario op"]
[Site "Toronto CAN"]
[Date "2010.05.22"]
[Round "1"]
[White "Drkulec, Vladimir"]
[Black "Noritsyn, Nikolay"]
[Result "0-1"]
[WhiteElo "2157"]
[BlackElo "2559"]
[PlyCount "102"]
[EventDate "2010.05.22"]
[EventType "swiss"]
[EventRounds "6"]
[EventCountry "CAN"]

1. d4 Nf6 2. c4 c5 3. d5 d6 4. Nc3 g6 5. g3 Bg7 6. Bg2 O-O 7. Nf3 Na6 8. O-O
Nc7 9. e4 Rb8 10. a4 a6 11. a5 Bg4 12. h3 Bxf3 13. Qxf3 b5 14. axb6 Rxb6 15.
Qe2 e6 16. f4 exd5 17. exd5 Nh5 18. Kh2 f5 19. Qc2 Qb8 20. Ra3 Re8 21. Nd1 Bd4
22. g4 Ng7 23. Rg3 Kh8 24. b3 a5 25. Bb2 Na6 26. Bxd4 cxd4 27. Qd3 Nc5 28. Qxd4
Rxb3 29. Nc3 Kg8 30. Nb5 Rxg3 31. Kxg3 Qd8 32. Nc3 a4 33. Bf3 a3 34. Rf2 Qb6
35. Kg2 Na4 36. Qxb6 Nxb6 37. c5 dxc5 38. d6 Re3 39. Nd5 Nxd5 40. Bxd5+ Kf8 41.
Rc2 Ne6 42. Bxe6 Rxe6 43. Rxc5 Rxd6 44. gxf5 Ra6 45. Rc1 a2 46. Ra1 gxf5 47.
Kg3 Kg7 48. Kf3 Ra3+ 49. Kg2 Kh6 50. Kh2 Kh5 51. Kg2 Kh4 0-1

[Event "Ontario op"]
[Site "Toronto CAN"]
[Date "2010.05.22"]
[Round "2"]
[White "Noritsyn, Nikolay"]
[Black "Kleinman, Michael"]
[Result "1-0"]
[WhiteElo "2559"]
[BlackElo "2232"]
[PlyCount "57"]
[EventDate "2010.05.22"]
[EventType "swiss"]
[EventRounds "6"]
[EventCountry "CAN"]

1. d4 Nf6 2. Nf3 g6 3. Nbd2 Bg7 4. e4 d6 5. Bd3 O-O 6. O-O Nc6 7. c3 e5 8. Re1
Nh5 9. Nb3 a5 10. Bg5 Qe8 11. Bb5 Bd7 12. a4 h6 13. Bh4 Nf4 14. Qd2 g5 15. Bg3
f5 16. exf5 Rxf5 17. Bxf4 Rxf4 18. dxe5 Qf7 19. Bxc6 Bxc6 20. Nbd4 Rf8 21. e6
Qh5 22. e7 Re8 23. Nxc6 bxc6 24. Nd4 Rh4 25. Nf5 Rxh2 26. Ng3 Qh4 27. Qd3 Kf7
28. Qf5+ Bf6 29. Re4 1-0

[Event "Ontario op"]
[Site "Toronto CAN"]
[Date "2010.05.23"]
[Round "3"]
[White "Smith, Bryan"]
[Black "Noritsyn, Nikolay"]
[Result "1/2-1/2"]
[WhiteElo "2296"]
[BlackElo "2559"]
[PlyCount "134"]
[EventDate "2010.05.22"]
[EventType "swiss"]
[EventRounds "6"]
[EventCountry "CAN"]

1. e4 e5 2. Nf3 d6 3. d4 exd4 4. Nxd4 Nf6 5. Nc3 Be7 6. g3 O-O 7. Bg2 Re8 8.
O-O Bf8 9. h3 c6 10. g4 d5 11. exd5 Nxd5 12. Nxd5 cxd5 13. Nf5 Bxf5 14. gxf5
Re5 15. c4 Rxf5 16. Be4 Re5 17. Bxd5 Nc6 18. Bxc6 bxc6 19. Qxd8 Rxd8 20. Be3 a5
21. Rfd1 Ra8 22. Rd7 Re4 23. b3 f5 24. Rad1 a4 25. Rb7 f4 26. Rd4 Rae8 27. Rxe4
Rxe4 28. Bb6 a3 29. Kf1 Bb4 30. Bd4 Rxd4 31. Rxb4 f3 32. Kg1 Rd1+ 33. Kh2 Rd2
34. Kg3 Rxa2 35. Ra4 c5 36. Ra5 Ra1 37. Kxf3 a2 38. Ra7 Kf8 39. Kg2 g5 40. Kh2
Ke8 41. Kg2 Kd8 42. Kh2 Kc8 43. Kg2 Kb8 44. Ra6 Kb7 45. Ra3 Kc6 46. Ra6+ Kb7
47. Ra3 h5 48. Ra4 g4 49. hxg4 hxg4 50. Ra3 Kb6 51. Ra4 Rb1 52. Rxa2 Rxb3 53.
Kh2 Rc3 54. Ra4 Kc6 55. Ra6+ Kd7 56. Rg6 Rxc4 57. Kg3 Rc1 58. Rxg4 c4 59. Kf3
Kd6 60. Ke3 Kc5 61. Kd2 Ra1 62. Kc3 Ra3+ 63. Kb2 Rf3 64. Rg3 Rxf2+ 65. Kc3 Rf5
66. Rh3 Kb5 67. Rg3 Re5 1/2-1/2

[Event "Ontario op"]
[Site "Toronto CAN"]
[Date "2010.05.23"]
[Round "4"]
[White "Noritsyn, Nikolay"]
[Black "Plotkin, Victor"]
[Result "0-1"]
[WhiteElo "2559"]
[BlackElo "2422"]
[PlyCount "88"]
[EventDate "2010.05.22"]
[EventType "swiss"]
[EventRounds "6"]
[EventCountry "CAN"]

1. c4 Nf6 2. Nc3 e6 3. e4 d5 4. e5 d4 5. exf6 dxc3 6. bxc3 Qxf6 7. Nf3 c5 8. d4
cxd4 9. cxd4 Bb4+ 10. Bd2 Bxd2+ 11. Qxd2 Nc6 12. Be2 O-O 13. Rd1 Rd8 14. Qe3 b6
15. O-O Bb7 16. Rfe1 Rac8 17. a3 h6 18. Bf1 Ne7 19. d5 Nf5 20. Qf4 exd5 21. g4
Nd6 22. Qxf6 gxf6 23. cxd5 Rc3 24. Bg2 Rxa3 25. Nd4 Kf8 26. Rc1 Rc8 27. Nc6 a5
28. Bf1 b5 29. Rc5 b4 30. Rb1 Ne4 31. Rxa5 Bxc6 32. Rxa3 bxa3 33. dxc6 a2 34.
Ra1 Nc3 35. f3 Rxc6 36. Kf2 Rd6 37. Be2 Rd2 38. Ke3 Rxe2+ 39. Kd3 Re1 40. Rxe1
Nb1 41. Kc2 a1=Q 42. Rxb1 Qe5 43. Rb3 Qe2+ 44. Kc1 Qxh2 0-1

[Event "Ontario op"]
[Site "Toronto CAN"]
[Date "2010.05.24"]
[Round "5"]
[White "Grigorescu, Laurentiu"]
[Black "Noritsyn, Nikolay"]
[Result "0-1"]
[WhiteElo "2004"]
[BlackElo "2559"]
[PlyCount "100"]
[EventDate "2010.05.22"]
[EventType "swiss"]
[EventRounds "6"]
[EventCountry "CAN"]

1. d4 Nf6 2. c4 c5 3. e3 g6 4. Nf3 Bg7 5. Nc3 O-O 6. Be2 cxd4 7. exd4 d5 8.
cxd5 Nxd5 9. Qb3 Nb6 10. O-O Be6 11. Qa3 Nc6 12. Rd1 Bc4 13. Bxc4 Nxc4 14. Qc5
N6a5 15. Ne5 Rc8 16. Qb4 Re8 17. Bf4 e6 18. Na4 Bf8 19. Qe1 b5 20. b4 bxa4 21.
bxa5 Qxa5 22. Qxa5 Nxa5 23. d5 Nc4 24. dxe6 Nxe5 25. Bxe5 Rxe6 26. Bd4 a5 27.
Be3 a3 28. Rac1 Rb8 29. g3 Ree8 30. Bd4 Re2 31. Rb1 Bb4 32. Bf6 Rxa2 33. Rd5
Re8 34. Rc1 Rae2 35. Kg2 R2e6 36. Bd4 Rd6 37. Rxd6 Bxd6 38. Kf3 f5 39. Rc2 Kf7
40. h4 Re4 41. Bh8 Ke6 42. Ra2 Bb4 43. Bg7 Kd5 44. Kg2 Kc4 45. f3 Re7 46. Bf6
Re6 47. Bg7 Kb3 48. Ra1 Re1 49. Kf2 Rxa1 50. Bxa1 Bc3 0-1

[Event "Toronto op"]
[Site "Toronto CAN"]
[Date "2010.04.02"]
[Round "1.3"]
[White "Noritsyn, Nikolay"]
[Black "Bluvshtein, Ilia"]
[Result "1-0"]
[WhiteElo "2564"]
[BlackElo "2216"]
[PlyCount "57"]
[EventDate "2010.04.02"]
[EventType "swiss"]
[EventRounds "6"]
[EventCountry "CAN"]

1. Nf3 Nf6 2. d4 g6 3. Nbd2 d5 4. c4 Bg7 5. cxd5 Qxd5 6. e4 Nxe4 7. Bc4 Qc6 8.
d5 Qc5 9. Qa4+ b5 10. Bxb5+ c6 11. Bxc6+ Nxc6 12. Qxe4 Nb4 13. O-O O-O 14. Nb3
Qb5 15. a4 Qb8 16. Bd2 Nxd5 17. Na5 e6 18. b4 Bd7 19. Ra3 Rc8 20. Qh4 Qc7 21.
Ng5 h6 22. Ne4 Qc2 23. Rg3 Bxa4 24. Nb7 f5 25. Rxg6 Qxe4 26. Rxg7+ Kxg7 27.
Qxh6+ Kg8 28. Qg6+ Kh8 29. Nd6 1-0